Phương pháp số trong cơ học (Giáo trình cho các trường)

Saved in:
Bibliographic Details
Main Author: Đinh, Văn Phong
Format: Book
Language:Undetermined
Published: Hà Nội Khoa học và Kỹ thuật 2006
Subjects:
Tags: Add Tag
No Tags, Be the first to tag this record!
Institutions: Trung tâm Học liệu Trường Đại học Cần Thơ
LEADER 00647nam a2200205Ia 4500
001 CTU_106343
008 210402s9999 xx 000 0 und d
020 |c 13000 
082 |a 515 
082 |b Ph431 
100 |a Đinh, Văn Phong 
245 0 |a Phương pháp số trong cơ học 
245 0 |b (Giáo trình cho các trường) 
245 0 |c Đinh Văn Phong 
260 |a Hà Nội 
260 |b Khoa học và Kỹ thuật 
260 |c 2006 
650 |a Mathematical analysis,Differential equations,Algebras, linear 
904 |i Minh (Nguyên sửa) 
980 |a Trung tâm Học liệu Trường Đại học Cần Thơ